• 首页
  • 本馆介绍
  • 公告通知
  • 最新文献
  • 馆藏检索
  • 电子资源
  • 读者导购
  • 参考咨询
  • 我的图书馆
  • 登录
  • 详细信息显示
  • 放入我的书架
  • 预约/预借图书
  • 作者相关作品
  • 分类相关作品
  • 丛书相关作品
  • 出版社相关作品

书目信息

  • 表格格式
  • 工作单格式
  • 卡片格式
题名:
奇花
    
 
作者: 陈模 著
分册:  
出版信息: 北京   中国少年儿童出版社  1979
页数: 453页
开本: 19cm
丛书名: 战斗的童年文学丛书
单 册:
中图分类: I286.4
科图分类:
主题词: 儿童文学-长篇小说--中国--现代 , 长篇小说-儿童文学--中国--现代 , 儿童文学--中国 , 儿童文学--中国--丛书
电子资源:
ISBN:
000 00763nam2 2200289 45
001 0179006585
005 20040408093442.8
010    @dCNY0.96
091    @aR10056.430
100    @a19950721d1979 am y0chiy0121 ea
101 0  @achi
102    @aCN@b110000
105    @af z 000fy
106    @ar
200 10 @a奇花@Aqi hua@f陈模著
210    @a北京@c中国少年儿童出版社@d1979
215    @a453页@c插图@d19cm
225 2  @a战斗的童年文学丛书
410  0 @120010@a战斗的童年文学丛书
606    @a儿童文学-长篇小说@y中国@z现代
606    @a长篇小说-儿童文学@y中国@z现代
606 0  @a儿童文学@x中国
606 0  @a儿童文学@x中国@x丛书
690    @aI286.4@v3
701  0 @a陈模@Achen mo@4著
801  0 @aCN@bNLC@c20040322
905    @dI286.4@e16@f1@b24056
    
    奇花/陈模著.-北京:中国少年儿童出版社,1979
    453页:插图;19cm.-(战斗的童年文学丛书)
    
    
    ISBN :CNY0.96
    
●
相关链接 在E读中查询图书 在五车中查询图书 在当当中查询图书 在豆瓣中查询图书


正题名:奇花     索取号:I286.4/16         预约/预借

序号 登录号 条形码 馆藏地/架位号 状态 备注
1 0024053   001904693   密集书库/ [索取号:I286.4/16] 在馆    
2 0024056   000891020   第一样本阅览室/ [索取号:I286.4/16] 在馆    
唐山师范学院图书馆 欢迎您!
大连网信软件有限公司© 版权所有